[Event "18. Open de la Constitución 2016"]
[Site "San Sebastian de los Reyes ES"]
[Date "2016.12.04"]
[Round "2.17"]
[White "Cabanas Bravo, Juan Andres"]
[Black "Braziunaite, Rasa"]
[Result "1-0"]
[WhiteElo "1971"]
[BlackElo "1507"]
[PlyCount "103"]
[EventDate "2016.12.03"]
[EventType "swiss"]
[EventRounds "9"]
[EventCountry "ESP"]
[SourceTitle "Ajedrez en Madrid"]
[Source "lmi"]
[SourceDate "2016.12.03"]

1. e4 e5 2. c3 d5 3. Nf3 dxe4 4. Qa4+ Nd7 5. Nxe5 Qe7 6. Ng4 c6 7. Ne3 Nb6 8.
Qb3 Be6 9. c4 f5 10. a4 Rb8 11. Qc3 Nf6 12. b3 Nbd7 13. Ba3 c5 14. Qa5 Ne5 15.
Qxa7 Nc6 16. Qb6 Qd6 17. Bb2 Be7 18. Na3 Nd7 19. Qb5 O-O 20. a5 Ra8 21. Nac2
Bd8 22. Bc3 Nd4 23. Nxd4 cxd4 24. Bb4 Qc7 25. Nc2 Rf7 26. Nxd4 Rf6 27. Nxe6
Rxe6 28. Qd5 Kf7 29. Be2 Nf6 30. Qxf5 Re5 31. Qf4 g5 32. Qg3 Nd7 33. Bh5+ Kg8
34. Bc3 Rf5 35. Qxc7 Bxc7 36. Bg4 Rf7 37. Be6 Nc5 38. Bxf7+ Kxf7 39. b4 Nd3+
40. Ke2 Re8 41. g3 Be5 42. a6 bxa6 43. Rxa6 Bxc3 44. dxc3 Ne5 45. c5 Rd8 46.
Rd1 Re8 47. c6 Re7 48. b5 Kg7 49. Rd6 Rf7 50. b6 Nc4 51. Rd7 Rxd7 52. cxd7 1-0

[Event "18. Open de la Constitución 2016"]
[Site "San Sebastian de los Reyes ES"]
[Date "2016.12.04"]
[Round "2.18"]
[White "Tarrio Ocana, Jose Manuel"]
[Black "Romero Fite, Miguel"]
[Result "1/2-1/2"]
[WhiteElo "1835"]
[BlackElo "1790"]
[PlyCount "55"]
[EventDate "2016.12.03"]
[EventType "swiss"]
[EventRounds "9"]
[EventCountry "ESP"]
[SourceTitle "Ajedrez en Madrid"]
[Source "lmi"]
[SourceDate "2016.12.03"]

1. e4 e6 2. d4 d5 3. Bd3 Nf6 4. e5 Nfd7 5. f4 c5 6. c3 Nc6 7. Nf3 Qb6 8. Bc2 f6
9. a3 Be7 10. b4 cxd4 11. cxd4 a5 12. bxa5 Qxa5+ 13. Nbd2 Qc3 14. Rb1 Qe3+ 15.
Qe2 Qxf4 16. Ne4 Qg4 17. Nd6+ Bxd6 18. exd6 e5 19. h3 Qg3+ 20. Kd1 e4 21. Bxe4
dxe4 22. Qxe4+ Kf7 23. Rf1 Qxd6 24. Ng5+ Kf8 25. Ne6+ Kf7 26. Ng5+ Kf8 27. Ne6+
Kf7 28. Ng5+ 1/2-1/2

[Event "18. Open de la Constitución 2016"]
[Site "San Sebastian de los Reyes ES"]
[Date "2016.12.04"]
[Round "2.19"]
[White "Stefanescu, Iulian"]
[Black "Alvarez Gonzalez, Eduardo"]
[Result "1/2-1/2"]
[WhiteElo "1699"]
[BlackElo "1816"]
[PlyCount "86"]
[EventDate "2016.12.03"]
[EventType "swiss"]
[EventRounds "9"]
[EventCountry "ESP"]
[SourceTitle "Ajedrez en Madrid"]
[Source "lmi"]
[SourceDate "2016.12.03"]

1. b3 d5 2. Bb2 Nf6 3. e3 Bf5 4. h3 e6 5. a3 Nbd7 6. Nf3 h6 7. b4 Be7 8. c4
dxc4 9. Bxc4 Nb6 10. Be2 Bd3 11. Ne5 Bxe2 12. Qxe2 Qd5 13. O-O O-O 14. f4 Rad8
15. Bd4 c6 16. Nc3 Qd6 17. Rad1 Qc7 18. Ng4 Nbd5 19. Be5 Qd7 20. Qf3 Kh7 21.
Ne4 Nxe4 22. Qxe4+ f5 23. Qc2 g6 24. Nh2 Nf6 25. d3 Qd5 26. Nf3 Nd7 27. e4 Qb5
28. Bc3 c5 29. a4 Qb6 30. b5 Qc7 31. Qc1 Bf6 32. e5 Be7 33. a5 b6 34. a6 Rfe8
35. Nh2 Nf8 36. Rf3 Rd5 37. g4 Qd7 38. gxf5 exf5 39. Re1 Ne6 40. Qb1 Bh4 41.
Rd1 Nd4 42. Bxd4 Rxd4 43. Qa2 Kg7 1/2-1/2

[Event "18. Open de la Constitución 2016"]
[Site "San Sebastian de los Reyes ES"]
[Date "2016.12.04"]
[Round "2.20"]
[White "Rodriguez Bernal, Herman"]
[Black "Garcia Minguez, Antonio"]
[Result "1/2-1/2"]
[WhiteElo "1816"]
[BlackElo "1548"]
[PlyCount "92"]
[EventDate "2016.12.03"]
[EventType "swiss"]
[EventRounds "9"]
[EventCountry "ESP"]
[SourceTitle "Ajedrez en Madrid"]
[Source "lmi"]
[SourceDate "2016.12.03"]

1. d4 d5 2. Nf3 Nf6 3. c4 e6 4. Nc3 c6 5. Bg5 Be7 6. e3 O-O 7. Qc2 h6 8. Bxf6
Bxf6 9. cxd5 exd5 10. Bd3 Nd7 11. O-O-O Nb6 12. h3 Be6 13. Kb1 Rc8 14. Bh7+ Kh8
15. Bf5 Re8 16. g4 Nc4 17. h4 Bxf5 18. gxf5 Nd6 19. Ng5 Qd7 20. e4 dxe4 21.
Ncxe4 Nxe4 22. Nxe4 Qe7 23. f3 Rcd8 24. Qf2 Rd5 25. Rhe1 Qd8 26. Nxf6 Rxe1 27.
Qxe1 Qxf6 28. Qe4 Qxf5 29. Kc2 Qd7 30. b4 b6 31. Kc3 Kg8 32. Re1 Kf8 33. Qf4 f6
34. Qb8+ Kf7 35. Re4 Rf5 36. Qg3 a5 37. a3 axb4+ 38. axb4 c5 39. bxc5 bxc5 40.
dxc5 Rxc5+ 41. Rc4 Rxc4+ 42. Kxc4 Qe6+ 43. Kd3 Qe5 44. Qg4 g6 45. Qd7+ Qe7 46.
Qd5+ Kg7 1/2-1/2

[Event "18. Open de la Constitución 2016"]
[Site "San Sebastian de los Reyes ES"]
[Date "2016.12.04"]
[Round "2.22"]
[White "Medina Balenciaga, Patricio"]
[Black "Guzman Castro, Enrique"]
[Result "0-1"]
[WhiteElo "1416"]
[BlackElo "1742"]
[PlyCount "71"]
[EventDate "2016.12.03"]
[EventType "swiss"]
[EventRounds "9"]
[EventCountry "ESP"]
[SourceTitle "Ajedrez en Madrid"]
[Source "lmi"]
[SourceDate "2016.12.03"]

1. e4 d5 2. exd5 Qxd5 3. Nc3 Qa5 4. d4 Nf6 5. Bd2 Bg4 6. Be2 Bxe2 7. Ngxe2 Nc6
8. a3 O-O-O 9. b4 Qh5 10. Nf4 Qxd1+ 11. Rxd1 Nxd4 12. Rc1 e5 13. Nh3 h6 14. Be3
a5 15. Na2 axb4 16. axb4 g5 17. c3 Nf5 18. Ng1 Nxe3 19. fxe3 e4 20. Ne2 Ng4 21.
O-O Rd2 22. h3 Nxe3 23. Rxf7 Rxe2 24. Ra1 Rxg2+ 25. Kh1 Bd6 26. Nc1 Kb8 27. Nb3
Rf8 28. Rxf8+ Bxf8 29. Re1 Rg3 30. Nc5 Bxc5 31. bxc5 Rxh3+ 32. Kg1 Rg3+ 33. Kf2
Rf3+ 34. Kg1 Rf1+ 35. Rxf1 Nxf1 36. Kxf1 0-1

[Event "18. Open de la Constitución 2016"]
[Site "San Sebastian de los Reyes ES"]
[Date "2016.12.04"]
[Round "2.23"]
[White "Rial Rodriguez, Marta"]
[Black "Rottenwoerer, Christoph"]
[Result "0-1"]
[WhiteElo "1412"]
[BlackElo "1668"]
[PlyCount "52"]
[EventDate "2016.12.03"]
[EventType "swiss"]
[EventRounds "9"]
[EventCountry "ESP"]
[SourceTitle "Ajedrez en Madrid"]
[Source "lmi"]
[SourceDate "2016.12.03"]

1. e4 c5 2. c3 d5 3. e5 Nc6 4. d4 cxd4 5. cxd4 g6 6. Nf3 Bg4 7. Be3 e6 8. a3
Nge7 9. b4 a6 10. Bd3 Nf5 11. Bxf5 Bxf5 12. h3 Bg7 13. O-O O-O 14. Nbd2 Bd3 15.
Re1 Bc4 16. Rc1 b5 17. Nb1 a5 18. Qd2 axb4 19. axb4 Ra2 20. Qc3 Qe7 21. Bd2
Rfa8 22. Rc2 Rxc2 23. Qxc2 Nxb4 24. Bxb4 Qxb4 25. Nc3 Ra3 26. Ne2 Rxf3 0-1

[Event "18. Open de la Constitución 2016"]
[Site "San Sebastian de los Reyes ES"]
[Date "2016.12.04"]
[Round "2.24"]
[White "Hernandez Ramos, Alberto"]
[Black "Enriquez Pastor, Jorge"]
[Result "1-0"]
[WhiteElo "1666"]
[BlackElo "1415"]
[PlyCount "59"]
[EventDate "2016.12.03"]
[EventType "swiss"]
[EventRounds "9"]
[EventCountry "ESP"]
[SourceTitle "Ajedrez en Madrid"]
[Source "lmi"]
[SourceDate "2016.12.03"]

1. e4 c6 2. d4 d5 3. exd5 cxd5 4. Bf4 Bf5 5. c4 e6 6. Nc3 Nf6 7. Nf3 h6 8. cxd5
Nxd5 9. Bxb8 Rxb8 10. Qa4+ Ke7 11. Qxa7 g5 12. Ne5 Kf6 13. Qxb8 Bb4 14. Qxd8+
Rxd8 15. Rc1 Ra8 16. Bc4 Nf4 17. O-O Rc8 18. Bb5 Rd8 19. a3 Ba5 20. b4 Bb6 21.
Nd7+ Rxd7 22. Bxd7 Bxd4 23. Bb5 e5 24. Bc4 e4 25. Ne2 Bb6 26. Nxf4 gxf4 27.
Rfe1 e3 28. fxe3 Bxe3+ 29. Rxe3 fxe3 30. Re1 1-0

[Event "18. Open de la Constitución 2016"]
[Site "San Sebastian de los Reyes ES"]
[Date "2016.12.04"]
[Round "2.25"]
[White "Lozano Hernanz, Rodrigo"]
[Black "Llamas Aliste, Alberto"]
[Result "0-1"]
[WhiteElo "1379"]
[BlackElo "1663"]
[PlyCount "62"]
[EventDate "2016.12.03"]
[EventType "swiss"]
[EventRounds "9"]
[EventCountry "ESP"]
[SourceTitle "Ajedrez en Madrid"]
[Source "lmi"]
[SourceDate "2016.12.03"]

1. e4 d5 2. exd5 Nf6 3. Nc3 Nxd5 4. Bc4 Nxc3 5. dxc3 Qxd1+ 6. Kxd1 Nc6 7. Bf4
e5 8. Bg3 f6 9. Nf3 Bg4 10. Be2 h5 11. h3 O-O-O+ 12. Nd2 Bxe2+ 13. Kxe2 g5 14.
Rad1 Bh6 15. Nf3 Ne7 16. Bh2 Ng6 17. g4 h4 18. Rxd8+ Rxd8 19. Rd1 Rxd1 20. Kxd1
Kd7 21. Kd2 Ke6 22. c4 c5 23. Kd3 f5 24. Kc3 e4 25. Nd2 Bg7+ 26. Kb3 Bd4 27. f3
e3 28. c3 exd2 29. Kc2 Be3 30. b4 f4 31. bxc5 Ne5 0-1

[Event "18. Open de la Constitución 2016"]
[Site "San Sebastian de los Reyes ES"]
[Date "2016.12.04"]
[Round "2.26"]
[White "De Dompablo Fantova, Juan"]
[Black "Llamas Martinez, Pablo"]
[Result "1-0"]
[WhiteElo "1651"]
[BlackElo "1411"]
[PlyCount "53"]
[EventDate "2016.12.03"]
[EventType "swiss"]
[EventRounds "9"]
[EventCountry "ESP"]
[SourceTitle "Ajedrez en Madrid"]
[Source "lmi"]
[SourceDate "2016.12.03"]

1. e4 d5 2. exd5 Nf6 3. Nf3 Nxd5 4. d4 Bf5 5. a3 e6 6. c4 Nb6 7. Bd3 Bxd3 8.
Qxd3 Be7 9. O-O Bf6 10. Nc3 N8d7 11. Qe2 O-O 12. Bf4 Rc8 13. Rad1 c5 14. dxc5
Rxc5 15. Bd6 Rxc4 16. Bxf8 Qxf8 17. Rxd7 Rxc3 18. Rxb7 Rb3 19. Qa6 Qd6 20. Qxa7
h6 21. Qb8+ Qxb8 22. Rxb8+ Kh7 23. a4 Rxb2 24. a5 Nc4 25. Rxb2 Nxb2 26. a6 Na4
27. Rb1 1-0

[Event "18. Open de la Constitución 2016"]
[Site "San Sebastian de los Reyes ES"]
[Date "2016.12.04"]
[Round "2.27"]
[White "Karunanithi, Bharath"]
[Black "Caravantes Camacho, Fernando"]
[Result "1-0"]
[WhiteElo "1345"]
[BlackElo "1630"]
[PlyCount "89"]
[EventDate "2016.12.03"]
[EventType "swiss"]
[EventRounds "9"]
[EventCountry "ESP"]
[SourceTitle "Ajedrez en Madrid"]
[Source "lmi"]
[SourceDate "2016.12.03"]

1. d4 e6 2. c4 Nf6 3. Nf3 d5 4. Nc3 Be7 5. Bf4 c6 6. e3 O-O 7. h3 Nbd7 8. cxd5
exd5 9. Bd3 Bb4 10. O-O Re8 11. Qc2 Bxc3 12. bxc3 Ne4 13. Be5 Ndf6 14. Bxf6
Qxf6 15. Ne5 Qh4 16. Rab1 f6 17. Bxe4 dxe4 18. Nc4 Be6 19. Nd6 Re7 20. c4 b6
21. Nxe4 Bxh3 22. Ng3 Bd7 23. c5 b5 24. Nf5 Bxf5 25. Qxf5 Qe4 26. Qxe4 Rxe4 27.
Rfe1 Rd8 28. Rbd1 Kf7 29. f3 Re7 30. e4 Red7 31. d5 cxd5 32. c6 Rc7 33. exd5
Rd6 34. Kf2 a5 35. Ke3 Re7+ 36. Kd4 b4 37. Kc5 Rd8 38. Rxe7+ Kxe7 39. d6+ Ke8
40. Re1+ Kf8 41. c7 Rc8 42. Kc6 a4 43. d7 Rxc7+ 44. Kxc7 b3 45. d8=Q+ 1-0

[Event "18. Open de la Constitución 2016"]
[Site "San Sebastian de los Reyes ES"]
[Date "2016.12.04"]
[Round "2.28"]
[White "Doval Mancheno, Pablo"]
[Black "Gonzalez Morente, Jose A"]
[Result "1-0"]
[WhiteElo "1629"]
[BlackElo "1368"]
[PlyCount "67"]
[EventDate "2016.12.03"]
[EventType "swiss"]
[EventRounds "9"]
[EventCountry "ESP"]
[SourceTitle "Ajedrez en Madrid"]
[Source "lmi"]
[SourceDate "2016.12.03"]

1. e4 e5 2. Nf3 Nc6 3. Bc4 Bc5 4. d3 Nf6 5. Nc3 O-O 6. Bg5 Be7 7. Bxf6 Bxf6 8.
Nd5 Na5 9. Bb3 Nxb3 10. axb3 c6 11. Nxf6+ Qxf6 12. O-O d5 13. h3 Re8 14. Re1
Qg6 15. Kh1 Qh5 16. exd5 f6 17. dxc6 bxc6 18. Ra5 Qg6 19. Re4 Be6 20. Qe2 Re7
21. c4 Rb8 22. Nd4 Bd7 23. Rxa7 c5 24. Nc6 Bxc6 25. Rxe7 Bxe4 26. dxe4 Rc8 27.
b4 cxb4 28. Rb7 b3 29. Rxb3 Qe8 30. Rb5 Qd7 31. Rd5 Qa4 32. c5 Qb4 33. Qg4 Rxc5
34. Qe6+ 1-0

[Event "18. Open de la Constitución 2016"]
[Site "San Sebastian de los Reyes ES"]
[Date "2016.12.04"]
[Round "2.29"]
[White "Tejerina Rincon, Pablo"]
[Black "Martinez Miura, Enrique"]
[Result "0-1"]
[WhiteElo "1309"]
[BlackElo "1620"]
[PlyCount "60"]
[EventDate "2016.12.03"]
[EventType "swiss"]
[EventRounds "9"]
[EventCountry "ESP"]
[SourceTitle "Ajedrez en Madrid"]
[Source "lmi"]
[SourceDate "2016.12.03"]

1. g3 Nf6 2. d4 d5 3. Bg2 e6 4. Nf3 c5 5. Bf4 Nc6 6. e3 Be7 7. Ne5 cxd4 8. Nxc6
bxc6 9. exd4 Ba6 10. Nc3 O-O 11. Ne2 Qb6 12. b3 Bb4+ 13. Kf1 Bc3 14. Rb1 Bxd4
15. f3 h6 16. c4 Bc5 17. Qc1 Rfe8 18. h4 Bf8 19. g4 e5 20. g5 exf4 21. gxf6 Qe3
22. Nxf4 dxc4 23. fxg7 cxb3+ 24. Ne2 Qxe2+ 25. Kg1 Bxg7 26. Qc5 bxa2 27. Ra1
Bxa1 28. Qb4 Qe3+ 29. Kh2 Be5+ 30. f4 Bxf4+ 0-1

[Event "18. Open de la Constitución 2016"]
[Site "San Sebastian de los Reyes ES"]
[Date "2016.12.04"]
[Round "2.30"]
[White "Garcia Lopez, Fernando"]
[Black "Martin Rodriguez, Jose Luis"]
[Result "1-0"]
[WhiteElo "1608"]
[BlackElo "1343"]
[PlyCount "113"]
[EventDate "2016.12.03"]
[EventType "swiss"]
[EventRounds "9"]
[EventCountry "ESP"]
[SourceTitle "Ajedrez en Madrid"]
[Source "lmi"]
[SourceDate "2016.12.03"]

1. e4 e6 2. d4 d5 3. Nc3 dxe4 4. Nxe4 Nd7 5. Nf3 Ngf6 6. Bg5 Be7 7. Nxf6+ Bxf6
8. Qd2 Bxg5 9. Qxg5 Qxg5 10. Nxg5 Nf6 11. O-O-O Bd7 12. Be2 h6 13. Nf3 Ne4 14.
Rhf1 f6 15. Bd3 Bc6 16. Nh4 O-O-O 17. f3 Nd6 18. Ng6 Rhe8 19. Rfe1 Nf7 20. Bc4
Bd5 21. Bb5 c6 22. Bf1 e5 23. c4 Be6 24. dxe5 fxe5 25. Rxd8+ Rxd8 26. Nxe5 Rd4
27. Nxf7 Bxf7 28. b3 c5 29. Re7 Rd7 30. Re5 b6 31. f4 Kd8 32. g3 Rd4 33. h3 Kd7
34. Re1 Kc6 35. Bg2+ Kd6 36. Rd1 Be6 37. Rxd4+ cxd4 38. g4 Kc5 39. f5 Bf7 40.
Be4 Be8 41. Bd3 Bc6 42. Bf1 Be4 43. Kd2 Kb4 44. Bd3 Bg2 45. h4 Bf3 46. g5 hxg5
47. hxg5 Ka3 48. f6 gxf6 49. g6 Bh5 50. g7 Bf7 51. Bh7 Kxa2 52. Kc2 Ka3 53.
g8=Q Bxg8 54. Bxg8 f5 55. Kd3 Kxb3 56. c5+ Kb4 57. c6 1-0

[Event "18. Open de la Constitución 2016"]
[Site "San Sebastian de los Reyes ES"]
[Date "2016.12.04"]
[Round "2.31"]
[White "Tejerina Rincon, Andres"]
[Black "Alfaya Martinez, Enrique"]
[Result "0-1"]
[WhiteElo "1238"]
[BlackElo "1584"]
[PlyCount "52"]
[EventDate "2016.12.03"]
[EventType "swiss"]
[EventRounds "9"]
[EventCountry "ESP"]
[SourceTitle "Ajedrez en Madrid"]
[Source "lmi"]
[SourceDate "2016.12.03"]

1. e4 c5 2. Nc3 d6 3. Nf3 Nf6 4. d3 g6 5. Bg5 Bg7 6. e5 dxe5 7. Nxe5 O-O 8. Nb5
Re8 9. d4 Qa5+ 10. c3 a6 11. Qb3 Be6 12. Bc4 Bxc4 13. Qxc4 Rf8 14. a4 axb5 15.
Qxc5 Nc6 16. Nd7 Nxd7 17. Bxe7 Nxc5 18. Bxc5 Rfe8+ 19. Kf1 bxa4 20. b4 Qb5+ 21.
c4 Qxc4+ 22. Kg1 Qe2 23. Rf1 a3 24. d5 a2 25. Ra1 Qe1+ 26. Rxe1 Rxe1# 0-1

[Event "18. Open de la Constitución 2016"]
[Site "San Sebastian de los Reyes ES"]
[Date "2016.12.04"]
[Round "2.32"]
[White "Pareja Cerrato, Antonio"]
[Black "Vallespin Morales, Antonio"]
[Result "1-0"]
[WhiteElo "1549"]
[BlackElo "1281"]
[PlyCount "63"]
[EventDate "2016.12.03"]
[EventType "swiss"]
[EventRounds "9"]
[EventCountry "ESP"]
[SourceTitle "Ajedrez en Madrid"]
[Source "lmi"]
[SourceDate "2016.12.03"]

1. e4 c5 2. Nf3 e6 3. d4 cxd4 4. Nxd4 a6 5. Nc3 Qc7 6. Bd3 Nc6 7. Nb3 Nf6 8. h3
Ne5 9. Be3 Nxd3+ 10. Qxd3 Be7 11. O-O O-O 12. Rad1 d6 13. Rfe1 b5 14. a3 Bb7
15. Bf4 e5 16. Bg5 Rad8 17. Bxf6 Bxf6 18. Rc1 Bg5 19. Rcd1 Bc8 20. Nd2 f5 21.
Nf3 Bf4 22. Nd5 fxe4 23. Qxe4 Qa7 24. Nxf4 Rxf4 25. Qd5+ Kh8 26. Rxe5 Bb7 27.
Qxd6 Rg8 28. Re7 Qa8 29. Qxf4 Bxf3 30. Qxf3 Qc8 31. Qc3 Qf5 32. Rxg7 1-0

[Event "18. Open de la Constitución 2016"]
[Site "San Sebastian de los Reyes ES"]
[Date "2016.12.04"]
[Round "2.34"]
[White "Vazquez Rodriguez, Francisco"]
[Black "Sanabria Gris, Pol"]
[Result "1-0"]
[WhiteElo "1529"]
[BlackElo "1114"]
[PlyCount "93"]
[EventDate "2016.12.03"]
[EventType "swiss"]
[EventRounds "9"]
[EventCountry "ESP"]
[SourceTitle "Ajedrez en Madrid"]
[Source "lmi"]
[SourceDate "2016.12.03"]

1. e4 e5 2. Nf3 Nc6 3. Bb5 d6 4. d4 f6 5. d5 a6 6. Ba4 b5 7. Bb3 Na5 8. Nc3
Nxb3 9. axb3 b4 10. Ne2 f5 11. exf5 Bxf5 12. Ng3 Bg4 13. h3 Bxf3 14. Qxf3 Ra7
15. Bd2 Qe7 16. Bxb4 Nf6 17. O-O e4 18. Qf5 g6 19. Qe6 Rb7 20. Bc3 Bg7 21.
Qxe7+ Kxe7 22. Nxe4 Nxe4 23. Bxg7 Rg8 24. Rfe1 Rxg7 25. Rxe4+ Kd7 26. Rxa6 Rb5
27. Rd4 Rc5 28. c3 Re7 29. Ra1 Rb5 30. b4 c5 31. dxc6+ Kxc6 32. Ra6+ Kb7 33.
Raxd6 Re1+ 34. Kh2 Re7 35. Rd7+ Rxd7 36. Rxd7+ Kc6 37. Rd4 Rf5 38. Kg3 Kb5 39.
f3 Ka4 40. Rd2 Rg5+ 41. Kf2 h5 42. Ke3 Re5+ 43. Kf4 Rf5+ 44. Ke4 Rf8 45. Kd3
Rd8+ 46. Kc2 Kb5 47. Rxd8 1-0

[Event "18. Open de la Constitución 2016"]
[Site "San Sebastian de los Reyes ES"]
[Date "2016.12.05"]
[Round "3.1"]
[White "Alfaya Marcelo, Roberto"]
[Black "Hernando Pertierra, Jose C"]
[Result "1/2-1/2"]
[WhiteElo "2114"]
[BlackElo "2362"]
[PlyCount "39"]
[EventDate "2016.12.03"]
[EventType "swiss"]
[EventRounds "9"]
[EventCountry "ESP"]
[SourceTitle "Ajedrez en Madrid"]
[Source "lmi"]
[SourceDate "2016.12.03"]

1. d4 g6 2. c4 Bg7 3. Nc3 c5 4. d5 Bxc3+ 5. bxc3 Qa5 6. Qc2 Nf6 7. Bd2 d6 8. e4
O-O 9. Bd3 Nbd7 10. f4 a6 11. Nf3 b5 12. O-O Nb6 13. cxb5 c4 14. Be2 axb5 15.
Nd4 Bd7 16. Bf3 Qa4 17. Qb2 Qa3 18. Qc2 Qa4 19. Qb2 Qa3 20. Qc2 1/2-1/2

[Event "18. Open de la Constitución 2016"]
[Site "San Sebastian de los Reyes ES"]
[Date "2016.12.05"]
[Round "3.2"]
[White "Bustos Serrano, Doroteo"]
[Black "Perez Gonzalez, Jose Manuel"]
[Result "0-1"]
[WhiteElo "2035"]
[BlackElo "2315"]
[PlyCount "76"]
[EventDate "2016.12.03"]
[EventType "swiss"]
[EventRounds "9"]
[EventCountry "ESP"]
[SourceTitle "Ajedrez en Madrid"]
[Source "lmi"]
[SourceDate "2016.12.03"]

1. e4 c5 2. Nf3 g6 3. c3 Bg7 4. d4 cxd4 5. cxd4 d5 6. e5 Bg4 7. Nc3 Nc6 8. Be2
Bxf3 9. Bxf3 e6 10. O-O Qb6 11. Be3 Nge7 12. Na4 Qc7 13. Rc1 O-O 14. b4 a6 15.
Nc5 Nf5 16. a4 Nxe3 17. fxe3 Bh6 18. Qe2 Rac8 19. Rb1 a5 20. b5 Nxe5 21. b6 Qe7
22. e4 Nc6 23. Nb3 dxe4 24. Bxe4 Qb4 25. Rfd1 Qxb6 26. Qb5 Qa7 27. Bxc6 bxc6
28. Qxa5 Qxa5 29. Nxa5 Ra8 30. Nxc6 Rxa4 31. d5 exd5 32. Rxd5 Re8 33. Rb8 Be3+
34. Kf1 Rf4+ 35. Ke2 Rf2+ 36. Kd3 Rxb8 37. Nxb8 Rd2+ 38. Kc4 Rxg2 0-1

[Event "18. Open de la Constitución 2016"]
[Site "San Sebastian de los Reyes ES"]
[Date "2016.12.05"]
[Round "3.3"]
[White "Martin Duque, Jesus"]
[Black "Vazquez Gonzalez, Jesus"]
[Result "1-0"]
[WhiteElo "2295"]
[BlackElo "1966"]
[PlyCount "93"]
[EventDate "2016.12.03"]
[EventType "swiss"]
[EventRounds "9"]
[EventCountry "ESP"]
[SourceTitle "Ajedrez en Madrid"]
[Source "lmi"]
[SourceDate "2016.12.03"]

1. e4 e5 2. Nf3 Nc6 3. Bc4 Bc5 4. c3 Nf6 5. d3 d6 6. Bb3 O-O 7. Nbd2 b5 8. O-O
a5 9. a4 b4 10. Bc4 bxc3 11. bxc3 Be6 12. Re1 Ng4 13. Re2 Bxc4 14. dxc4 Ne7 15.
h3 Nxf2 16. Rxf2 Bxf2+ 17. Kxf2 f5 18. Kg1 Ng6 19. exf5 Rxf5 20. Ne4 Nf4 21.
Bxf4 Rxf4 22. Qd5+ Kh8 23. Re1 Qg8 24. Nfd2 Ra7 25. Rb1 Rf8 26. Rb5 h6 27.
Qxg8+ Kxg8 28. Rd5 Kf7 29. c5 Ke6 30. c4 Ra6 31. Nb3 Rc8 32. Kf2 Rca8 33. Ke2
Kf5 34. cxd6 cxd6 35. Nxd6+ Kf4 36. Kf2 Rxd6 37. g3+ Kf5 38. Rxd6 Rb8 39. Nd2
Rb4 40. Ke3 h5 41. c5 Rxa4 42. c6 Ra3+ 43. Rd3 Rxd3+ 44. Kxd3 Ke6 45. c7 Kd7
46. Nc4 Kxc7 47. Nxa5 1-0

[Event "18. Open de la Constitución 2016"]
[Site "San Sebastian de los Reyes ES"]
[Date "2016.12.05"]
[Round "3.4"]
[White "Hernandez Ramos, David"]
[Black "Quevedo Marin, Manuel"]
[Result "1-0"]
[WhiteElo "1979"]
[BlackElo "2267"]
[PlyCount "175"]
[EventDate "2016.12.03"]
[EventType "swiss"]
[EventRounds "9"]
[EventCountry "ESP"]
[SourceTitle "Ajedrez en Madrid"]
[Source "lmi"]
[SourceDate "2016.12.03"]

1. d4 d5 2. c4 e6 3. cxd5 exd5 4. Nc3 c6 5. g3 Bf5 6. Bg2 Nf6 7. Bf4 Qb6 8. Bc1
Bd6 9. Nf3 h6 10. a3 Nbd7 11. O-O O-O 12. Na4 Qb5 13. Nc3 Qb6 14. Na4 Qc7 15.
Bd2 b5 16. Nc3 Nb6 17. Qc1 Nc4 18. Bf4 Bxf4 19. gxf4 Qc8 20. b3 Na5 21. Qd1 Bh3
22. Ne5 Qf5 23. e3 Nd7 24. Bxh3 Qxh3 25. Nxd7 Qxd7 26. Kh1 Qf5 27. Rg1 Rfe8 28.
Rb1 Rab8 29. Na2 Qe4+ 30. Rg2 Re6 31. Nc3 Qh7 32. Na2 Qe4 33. Nc3 Qf5 34. Na2
Rg6 35. Rxg6 Qxg6 36. Nb4 Re8 37. Qd3 Qh5 38. Qd1 Qh3 39. Qf1 Qe6 40. Qd3 Qf6
41. Rc1 Qh4 42. Rc2 h5 43. Qf5 g6 44. Qd7 Re6 45. Qc7 Nxb3 46. Nxc6 Qh3 47. Kg1
Kg7 48. Ne5 Rf6 49. Rb2 Nxd4 50. exd4 Rxf4 51. Qe7 Qf5 52. Rd2 Qb1+ 53. Kg2
Qe4+ 54. Kf1 Qh1+ 55. Ke2 Re4+ 56. Kd3 Qb1+ 57. Rc2 Qf1+ 58. Kc3 Qa1+ 59. Kb3
Qb1+ 60. Rb2 Qd1+ 61. Ka2 Rf4 62. Nc6 Rf5 63. Qe3 Qa4 64. Qb3 Qa6 65. Qxb5 Qxb5
66. Rxb5 Rxf2+ 67. Rb2 Rf4 68. Rd2 Kf6 69. Nxa7 h4 70. Kb3 g5 71. a4 g4 72. Nb5
g3 73. hxg3 hxg3 74. Rg2 Rf3+ 75. Kb4 Ke6 76. Kc5 f5 77. a5 f4 78. Rg1 Rf2 79.
a6 Rc2+ 80. Kb6 Ra2 81. a7 Kf5 82. Nc3 Ra3 83. Nxd5 Ke4 84. Nb4 f3 85. Rxg3
Rxa7 86. Kxa7 f2 87. Rg4+ Ke3 88. Nd5+ 1-0

[Event "18. Open de la Constitución 2016"]
[Site "San Sebastian de los Reyes ES"]
[Date "2016.12.05"]
[Round "3.5"]
[White "Bombin Pinera, Dionisio"]
[Black "Solaesa Navalpotro, Luis Julio"]
[Result "0-1"]
[WhiteElo "1956"]
[BlackElo "2209"]
[PlyCount "70"]
[EventDate "2016.12.03"]
[EventType "swiss"]
[EventRounds "9"]
[EventCountry "ESP"]
[SourceTitle "Ajedrez en Madrid"]
[Source "lmi"]
[SourceDate "2016.12.03"]

1. Nf3 Nf6 2. d4 e6 3. g3 b6 4. Bg2 Bb7 5. O-O Be7 6. c4 O-O 7. Nc3 Ne4 8. Nxe4
Bxe4 9. Nh4 Bxg2 10. Nxg2 f5 11. b3 Bf6 12. Bb2 c5 13. Qd2 Nc6 14. dxc5 Bxb2
15. Qxb2 bxc5 16. Rad1 a5 17. Nf4 Qe7 18. e3 d6 19. Nd3 a4 20. f4 Rfb8 21. Qg2
Qc7 22. Nc1 axb3 23. axb3 Ra6 24. g4 fxg4 25. Qxg4 Qe7 26. Rf3 Ra1 27. Rg3 Rb7
28. Rf1 Qf6 29. Qd1 Rd7 30. Qf3 Ne7 31. e4 Qd4+ 32. Kh1 Ng6 33. Rd1 Qb2 34. Rg2
Qf6 35. f5 Nh4 0-1